[Event "2021 FIDE Online Olympiad"]
[Site "Chess.com"]
[Date "2021.08.27"]
[Round "1.5"]
[White "Mohamad, Seder"]
[Black "Fowler, Hugo"]
[Result "0-1"]
[WhiteElo "1699"]
[BlackElo "1686"]
[PlyCount "68"]
[EventDate "2021.08.27"]
[EventType "team"]
[EventRounds "9"]
[SourceVersionDate "2018.05.14"]
[WhiteTeam "Palestine"]
[BlackTeam "Wales"]
[WhiteTeamCountry "PLE"]
[BlackTeamCountry "WLS"]

1. e4 e5 2. Nf3 Nc6 3. Bb5 a6 4. Ba4 Nf6 5. d3 b5 6. Bb3 Bc5 7. c3 h6 8. O-O d6
9. h3 Bb6 10. a4 Rb8 11. axb5 axb5 12. Na3 O-O 13. Nxb5 Ne7 14. Na3 Ng6 15. Nc4
Be6 16. Nxb6 Bxb3 17. Qxb3 Rxb6 18. Qc4 Nh5 19. g3 Qf6 20. Kg2 c5 21. Nh2 Rfb8
22. Ng4 Qe7 23. Ne3 Nhf4+ 24. gxf4 Nxf4+ 25. Kf3 Qh4 26. Rh1 Nxh3 27. Rxh3
Qxh3+ 28. Ke2 Rxb2+ 29. Bxb2 Rxb2+ 30. Nc2 Rxc2+ 31. Kd1 Rxf2 32. Ra8+ Kh7 33.
d4 Qh1+ 34. Qf1 Qxf1# 0-1

[Event "2021 FIDE Online Olympiad"]
[Site "Chess.com"]
[Date "2021.08.27"]
[Round "1.6"]
[White "Fraser, Susanna"]
[Black "Sawan, Eman"]
[Result "1-0"]
[WhiteElo "1428"]
[BlackElo "1000"]
[PlyCount "109"]
[EventDate "2021.08.27"]
[EventType "team"]
[EventRounds "9"]
[SourceVersionDate "2018.05.14"]
[WhiteTeam "Wales"]
[BlackTeam "Palestine"]
[WhiteTeamCountry "WLS"]
[BlackTeamCountry "PLE"]

1. d4 Nf6 2. Bf4 g6 3. Nc3 Bg7 4. e4 d6 5. Qd2 c6 6. Nf3 O-O 7. O-O-O b5 8. Bh6
b4 9. Ne2 Nxe4 10. Qe3 Nf6 11. h3 Qa5 12. Bxg7 Kxg7 13. Kb1 Be6 14. b3 Nd5 15.
Qg5 Nc3+ 16. Nxc3 Qxg5 17. Nxg5 bxc3 18. Rd3 Bd5 19. Rxc3 Nd7 20. Re3 h6 21.
Rxe7 hxg5 22. Rxd7 Rfe8 23. Bc4 Bxc4 24. bxc4 Re6 25. Kb2 a5 26. Kc3 Rf6 27. f3
Re8 28. Rd1 Re3+ 29. Rd3 Re2 30. Rd2 Re3+ 31. Kb2 a4 32. Ra7 d5 33. c5 Rfe6 34.
Rxa4 Re8 35. Ra3 Rb8+ 36. Rb3 Rbxb3+ 37. cxb3 f5 38. a4 Re8 39. Kc3 Kf6 40. b4
Re3+ 41. Rd3 Re2 42. b5 cxb5 43. axb5 Rxg2 44. b6 Rg1 45. Rd2 Rb1 46. Rb2 Rc1+
47. Kd2 Rc4 48. b7 Rxd4+ 49. Ke3 Rc4 50. b8=Q Rc3+ 51. Kd2 Rxf3 52. Qd6+ Kg7
53. Rb7+ Kh6 54. Qf8+ Kh5 55. Rh7# 1-0

[Event "2021 FIDE Online Olympiad"]
[Site "Chess.com"]
[Date "2021.08.27"]
[Round "1.1"]
[White "Jere, Daniel"]
[Black "Oatlhotse, Providence"]
[Result "0-1"]
[WhiteElo "2397"]
[BlackElo "2182"]
[PlyCount "54"]
[EventDate "2021.08.27"]
[EventType "team"]
[EventRounds "9"]
[SourceVersionDate "2018.05.14"]
[WhiteTeam "Zambia"]
[BlackTeam "Botswana"]
[WhiteTeamCountry "ZAM"]
[BlackTeamCountry "BOT"]

1. c4 g6 2. g3 Bg7 3. Bg2 c5 4. Nc3 Nc6 5. a3 b6 6. Nf3 Bb7 7. O-O d6 8. Rb1
Qd7 9. Qa4 e6 10. d3 Nge7 11. Bd2 O-O 12. b4 Rfd8 13. Rfd1 h6 14. e3 f5 15. Ne2
Nd4 16. Qxd7 Nxe2+ 17. Kf1 Nxg3+ 18. hxg3 Rxd7 19. Be1 Rc8 20. Rdc1 e5 21. Bc3
e4 22. Ne1 Bxc3 23. Rxc3 d5 24. Rbc1 dxc4 25. dxc4 cxb4 26. axb4 Rdc7 27. R3c2
Nc6 0-1

[Event "2021 FIDE Online Olympiad"]
[Site "Chess.com"]
[Date "2021.08.27"]
[Round "1.2"]
[White "Mosutha, Thuso"]
[Black "Munenga, Douglas D"]
[Result "1/2-1/2"]
[WhiteElo "1949"]
[BlackElo "2009"]
[PlyCount "109"]
[EventDate "2021.08.27"]
[EventType "team"]
[EventRounds "9"]
[SourceVersionDate "2018.05.14"]
[WhiteTeam "Botswana"]
[BlackTeam "Zambia"]
[WhiteTeamCountry "BOT"]
[BlackTeamCountry "ZAM"]

1. e4 c5 2. d4 g6 3. Nf3 Bg7 4. Bc4 cxd4 5. c3 d5 6. exd5 dxc3 7. Nxc3 Nf6 8.
O-O O-O 9. h3 a6 10. a4 Nbd7 11. a5 Nc5 12. Qe2 Bf5 13. Be3 Rc8 14. Rfd1 Nfe4
15. Nxe4 Nxe4 16. Bb6 Qe8 17. Nd4 Nd6 18. Bb3 Bd7 19. Re1 Bf6 20. Rec1 Bb5 21.
Nxb5 Qxb5 22. Qxb5 Nxb5 23. Rcb1 Nd4 24. Bxd4 Bxd4 25. Ra4 Bf6 26. Rb4 Rc7 27.
Bd1 Rfc8 28. Bf3 Be5 29. g3 f5 30. d6 Bxd6 31. Rxb7 Rc1+ 32. Rxc1 Rxc1+ 33. Kg2
Ra1 34. b4 Rb1 35. Rb6 Rxb4 36. Rxb4 Bxb4 37. Be2 Bxa5 38. Bxa6 Kf7 39. f3 e5
40. g4 Kf6 41. Bc8 h5 42. gxh5 gxh5 43. Kf2 h4 44. Ke2 Kg5 45. Kf2 Kf4 46. Ke2
Bb6 47. Bd7 Ba7 48. Bc8 e4 49. fxe4 Kxe4 50. Bb7+ Kf4 51. Bc8 Ke4 52. Bb7+ Kf4
53. Bc8 Bb8 54. Bd7 Ba7 55. Bc8 1/2-1/2

[Event "2021 FIDE Online Olympiad"]
[Site "Chess.com"]
[Date "2021.08.27"]
[Round "1.3"]
[White "Mwango, Lorita"]
[Black "Gabatshwarwe, Refilwe"]
[Result "0-1"]
[WhiteElo "1874"]
[BlackElo "1667"]
[PlyCount "82"]
[EventDate "2021.08.27"]
[EventType "team"]
[EventRounds "9"]
[SourceVersionDate "2018.05.14"]
[WhiteTeam "Zambia"]
[BlackTeam "Botswana"]
[WhiteTeamCountry "ZAM"]
[BlackTeamCountry "BOT"]

1. d4 d5 2. Nf3 Nf6 3. Bf4 c5 4. c3 Nc6 5. e3 e6 6. Be2 Bd6 7. Bg3 O-O 8. Nbd2
b6 9. O-O Bxg3 10. hxg3 Qd6 11. Rc1 Bb7 12. Qb3 Rab8 13. Rfd1 Rfd8 14. Qa4 c4
15. Qc2 b5 16. e4 Qe7 17. e5 Ne8 18. Kh2 f6 19. exf6 Nxf6 20. Rh1 e5 21. dxe5
Nxe5 22. Nd4 Nc6 23. N2f3 Nxd4 24. Nxd4 a6 25. Kg1 Qe4 26. Qd2 Qg6 27. Rh4 Rf8
28. Bf3 Ne4 29. Bxe4 dxe4 30. Qe3 Rbe8 31. Rd1 Rf7 32. Rd2 Rfe7 33. Rf4 Rf7 34.
Rh4 Rfe7 35. Ne2 h6 36. Nf4 Qg5 37. Rh5 Qf6 38. Rc5 Re5 39. Rc7 R5e7 40. Rc5
Re5 41. Rxe5 Qxe5 0-1

[Event "2021 FIDE Online Olympiad"]
[Site "Chess.com"]
[Date "2021.08.27"]
[Round "1.4"]
[White "Besa, Masaiti"]
[Black "Mbatha, Constance"]
[Result "0-1"]
[WhiteElo "1774"]
[BlackElo "1705"]
[PlyCount "100"]
[EventDate "2021.08.27"]
[EventType "team"]
[EventRounds "9"]
[SourceVersionDate "2018.05.14"]
[WhiteTeam "Botswana"]
[BlackTeam "Zambia"]
[WhiteTeamCountry "BOT"]
[BlackTeamCountry "ZAM"]

1. c4 e5 2. Nc3 Nf6 3. g3 Be7 4. Bg2 O-O 5. Nf3 d6 6. O-O c6 7. d3 Nbd7 8. a3
Nb6 9. c5 Nbd5 10. cxd6 Bxd6 11. Nxd5 cxd5 12. Qb3 Qc7 13. Bg5 Be6 14. Bxf6
gxf6 15. Nd2 e4 16. Rac1 Qe7 17. dxe4 dxe4 18. Qe3 f5 19. Nc4 Bc7 20. Qh6 b5
21. Ne3 Be5 22. Rc2 Rad8 23. Qh5 Qf6 24. Bh3 Qg6 25. Qh4 Bf6 26. Qf4 Bg5 27.
Qe5 Bf6 28. Qf4 Bg5 29. Qe5 Bf6 30. Qxb5 f4 31. Bxe6 fxe6 32. Nc4 Rd5 33. Qc6
Bd8 34. Rd2 Rdf5 35. Rd6 fxg3 36. hxg3 Rg5 37. Ne3 Rxg3+ 38. fxg3 Qxg3+ 39. Ng2
Bb6+ 40. Qxb6 axb6 41. Rxf8+ Kxf8 42. Rxe6 Qg4 43. Rxb6 Qxe2 44. Rb8+ Ke7 45.
Rb7+ Kd6 46. Rxh7 Qxb2 47. Rh6+ Ke5 48. Rh5+ Kd4 49. Ra5 Qc1+ 50. Kh2 Qc7+ 0-1

[Event "2021 FIDE Online Olympiad"]
[Site "Chess.com"]
[Date "2021.08.27"]
[Round "1.5"]
[White "Mwape, Mwewa"]
[Black "Selogelo, Othata"]
[Result "0-1"]
[WhiteElo "1798"]
[BlackElo "1707"]
[PlyCount "76"]
[EventDate "2021.08.27"]
[EventType "team"]
[EventRounds "9"]
[SourceVersionDate "2018.05.14"]
[WhiteTeam "Zambia"]
[BlackTeam "Botswana"]
[WhiteTeamCountry "ZAM"]
[BlackTeamCountry "BOT"]

1. e4 c5 2. Nf3 e6 3. d4 cxd4 4. Nxd4 Nf6 5. Nc3 d6 6. Be2 Be7 7. Be3 a6 8. g4
h6 9. f4 Nh7 10. Nf3 Nc6 11. h4 Nf6 12. Rg1 h5 13. g5 Ng4 14. Qd2 Nxe3 15. Qxe3
g6 16. O-O-O Qc7 17. Bd3 Nb4 18. Be2 Nc6 19. Kb1 b5 20. f5 b4 21. Na4 exf5 22.
Nb6 Rb8 23. Nxc8 Qxc8 24. exf5 Qxf5 25. Rxd6 Qc8 26. Re1 O-O 27. Rxc6 Qxc6 28.
Qxe7 Rfe8 29. Ne5 Qd5 30. Nd7 Qd2 31. Rd1 Qxe2 32. Nf6+ Kg7 33. Nxe8+ Rxe8 34.
Qxe2 Rxe2 35. c3 bxc3 36. bxc3 Re4 37. Rd4 Rxd4 38. cxd4 f5 0-1

[Event "2021 FIDE Online Olympiad"]
[Site "Chess.com"]
[Date "2021.08.27"]
[Round "1.6"]
[White "Marape, Naledi"]
[Black "Simwaka, Walusungu Nozyani"]
[Result "1-0"]
[WhiteElo "1629"]
[BlackElo "1329"]
[PlyCount "103"]
[EventDate "2021.08.27"]
[EventType "team"]
[EventRounds "9"]
[SourceVersionDate "2018.05.14"]
[WhiteTeam "Botswana"]
[BlackTeam "Zambia"]
[WhiteTeamCountry "BOT"]
[BlackTeamCountry "ZAM"]

1. e4 c5 2. Nf3 d6 3. d4 cxd4 4. Nxd4 Nf6 5. Nc3 e6 6. Be3 a6 7. f3 Nfd7 8. Qd2
b5 9. O-O-O Qc7 10. Kb1 Be7 11. g4 O-O 12. h4 Bb7 13. h5 h6 14. Rg1 Bc6 15. g5
hxg5 16. Bxg5 Nf6 17. Bxf6 Bxf6 18. Qh6 Nd7 19. Qd2 Qb6 20. Nde2 b4 21. Nd5
exd5 22. exd5 Ba4 23. h6 Rfe8 24. hxg7 Re3 25. Rg4 Rc8 26. b3 Bc3 27. Nxc3 Bxb3
28. axb3 f5 29. Na4 Qa7 30. Rg6 Ne5 31. Re6 Rxf3 32. Rxd6 Qxg7 33. Qd4 Qc7 34.
Rc6 Nxc6 35. dxc6 Kh7 36. Qd7+ Qxd7 37. cxd7 Rd8 38. Nc5 f4 39. Ne6 Rxd7 40.
Rxd7+ Kg6 41. Rd1 Rf2 42. Bd3+ Kh5 43. Rf1 Rxf1+ 44. Bxf1 Kg4 45. Bxa6 f3 46.
Nd4 f2 47. Nc6 Kg3 48. Bf1 Kh2 49. Nxb4 Kg1 50. Nd3 Kxf1 51. Nxf2 Kxf2 52. b4
1-0

[Event "2021 FIDE Online Olympiad"]
[Site "Chess.com"]
[Date "2021.08.27"]
[Round "2.1"]
[White "Fejzullahu, Afrim"]
[Black "Oatlhotse, Providence"]
[Result "1/2-1/2"]
[WhiteElo "2259"]
[BlackElo "2182"]
[PlyCount "150"]
[EventDate "2021.08.27"]
[EventType "team"]
[EventRounds "9"]
[SourceVersionDate "2018.05.14"]
[WhiteTeam "Kosovo"]
[BlackTeam "Botswana"]
[WhiteTeamCountry "KOS"]
[BlackTeamCountry "BOT"]

1. e4 g6 2. d4 Bg7 3. Nf3 a6 4. Be2 b5 5. O-O Bb7 6. e5 d6 7. e6 f5 8. a4 c6 9.
axb5 axb5 10. Rxa8 Bxa8 11. Ng5 Nh6 12. Bf4 O-O 13. h3 Na6 14. Re1 Qb6 15. c3
c5 16. d5 Nc7 17. Bf3 Bb7 18. Qd2 Kh8 19. Na3 b4 20. Nc4 Qa6 21. Ne3 bxc3 22.
bxc3 Qa5 23. Rb1 Ba6 24. Qc1 Qxc3 25. Qd1 Qd4 26. Qxd4 cxd4 27. Nc2 Bc4 28. Rb4
Bxd5 29. Nxd4 Bxf3 30. Ndxf3 Nd5 31. Ra4 Nxf4 32. Rxf4 Bf6 33. Rc4 Kg7 34. g3
Ra8 35. Kg2 Ng8 36. h4 h6 37. Nh3 Ra2 38. Rc8 Re2 39. Nf4 Re4 40. Nd2 Rd4 41.
Nf3 Re4 42. Nd2 Rd4 43. Nc4 Be5 44. Nxe5 dxe5 45. Nxg6 Kxg6 46. Rxg8+ Kf6 47.
Rh8 Kg7 48. Re8 Kf6 49. Rf8+ Kxe6 50. Rh8 e4 51. Rxh6+ Ke5 52. Rh8 Rd2 53. Kf1
Ra2 54. h5 e3 55. fxe3 Ke4 56. Re8 e5 57. Kg1 Ra6 58. Rh8 Kxe3 59. Kg2 Ra2+ 60.
Kh3 Ra1 61. Kg2 Ra2+ 62. Kh3 Kf3 63. Rf8 f4 64. gxf4 exf4 65. h6 Ra6 66. Rh8
Rg6 67. Kh4 Kf2 68. Kh5 Rg2 69. Rf8 f3 70. h7 Rh2+ 71. Kg6 Kg2 72. h8=Q Rxh8
73. Rxh8 f2 74. Rf8 f1=Q 75. Rxf1 Kxf1 1/2-1/2

[Event "2021 FIDE Online Olympiad"]
[Site "Chess.com"]
[Date "2021.08.27"]
[Round "2.2"]
[White "Mosutha, Thuso"]
[Black "Bardhi, Valmor"]
[Result "0-1"]
[WhiteElo "1949"]
[BlackElo "2171"]
[PlyCount "132"]
[EventDate "2021.08.27"]
[EventType "team"]
[EventRounds "9"]
[SourceVersionDate "2018.05.14"]
[WhiteTeam "Botswana"]
[BlackTeam "Kosovo"]
[WhiteTeamCountry "BOT"]
[BlackTeamCountry "KOS"]

1. e4 e5 2. Nf3 Nc6 3. Bb5 a6 4. Ba4 Nf6 5. O-O Be7 6. Re1 b5 7. Bb3 d6 8. c3
O-O 9. a4 Bg4 10. h3 Bh5 11. d3 Qd7 12. Nbd2 b4 13. Nf1 bxc3 14. bxc3 Rab8 15.
Bc2 h6 16. Ng3 Bg6 17. Nh4 Bh7 18. Nhf5 Bxf5 19. Nxf5 Kh7 20. Qf3 Rg8 21. Rf1
g5 22. Rd1 Rg6 23. d4 Bf8 24. Bd3 Qc8 25. Qe2 a5 26. Bb5 Ne7 27. Bd3 Rg8 28.
Bd2 Ng6 29. g3 Bg7 30. Qf3 Qd8 31. Kg2 Bf8 32. Rh1 Rb2 33. Qd1 Qa8 34. Re1 d5
35. Bc1 dxe4 36. Bxb2 exd3+ 37. Kh2 e4 38. Ne3 Bd6 39. Ba3 Nd5 40. Bxd6 cxd6
41. Qd2 Rb8 42. Rab1 Rxb1 43. Rxb1 Qc6 44. Nxd5 Qxd5 45. Rb5 Qa8 46. c4 Qc6 47.
c5 dxc5 48. dxc5 Ne5 49. Qe3 Nf3+ 50. Kg2 d2 51. Rb1 Qxa4 52. Qe2 Qc2 53. Rd1
a4 54. g4 a3 55. Ra1 a2 56. Qd1 Qxc5 57. Rxa2 Qe5 58. Rxd2 Qh2+ 59. Kf1 Qxh3+
60. Ke2 Nxd2 61. Qxd2 Qxg4+ 62. Kf1 Qf3 63. Qd5 g4 64. Qe5 e3 65. Qxe3 Qxe3 66.
fxe3 Kg6 0-1

[Event "2021 FIDE Online Olympiad"]
[Site "Chess.com"]
[Date "2021.08.27"]
[Round "2.3"]
[White "Saraci, Rinesa"]
[Black "Gabatshwarwe, Refilwe"]
[Result "1/2-1/2"]
[WhiteElo "1184"]
[BlackElo "1667"]
[PlyCount "117"]
[EventDate "2021.08.27"]
[EventType "team"]
[EventRounds "9"]
[SourceVersionDate "2018.05.14"]
[WhiteTeam "Kosovo"]
[BlackTeam "Botswana"]
[WhiteTeamCountry "KOS"]
[BlackTeamCountry "BOT"]

1. e4 e5 2. Nf3 Nc6 3. Nc3 Nf6 4. Bc4 Bc5 5. h3 d6 6. d3 h6 7. O-O Na5 8. Bb3
Nxb3 9. axb3 a6 10. Bd2 O-O 11. Na4 Ba7 12. Qe2 Bd7 13. Be3 Bxe3 14. Qxe3 Re8
15. Nc3 Bc6 16. Rad1 Qe7 17. Rfe1 Nh7 18. Nd2 Qg5 19. Qxg5 hxg5 20. g4 Nf8 21.
Nf3 f6 22. Kg2 Kf7 23. Rh1 Ng6 24. h4 gxh4 25. Nxh4 Rh8 26. Nxg6 Kxg6 27. f3
Rag8 28. Ne2 Bd7 29. Ng3 Rxh1 30. Rxh1 a5 31. Kf2 Ra8 32. Ke2 b6 33. Ke3 c5 34.
Nf5 Bxf5 35. gxf5+ Kf7 36. Rh7 a4 37. bxa4 Rxa4 38. b3 Ra2 39. Kd2 Ra8 40. Ke3
b5 41. Rh1 Ra2 42. Kd2 Ra6 43. Rb1 b4 44. Rh1 Ra8 45. Ke3 Ra7 46. Rh8 Ra2 47.
Kd2 Ra6 48. Rd8 Ke7 49. Rg8 Kf7 50. Rd8 g6 51. fxg6+ Kxg6 52. Rh8 Kg7 53. Rh2
Kg6 54. Ke3 Ra8 55. f4 Kg7 56. f5 Ra6 57. Rg2+ Kf7 58. Rg6 Ra2 59. Kd2 1/2-1/2

[Event "2021 FIDE Online Olympiad"]
[Site "Chess.com"]
[Date "2021.08.27"]
[Round "2.5"]
[White "Dobraj, Bleron"]
[Black "Selogelo, Othata"]
[Result "0-1"]
[WhiteElo "1879"]
[BlackElo "1707"]
[PlyCount "70"]
[EventDate "2021.08.27"]
[EventType "team"]
[EventRounds "9"]
[SourceVersionDate "2018.05.14"]
[WhiteTeam "Kosovo"]
[BlackTeam "Botswana"]
[WhiteTeamCountry "KOS"]
[BlackTeamCountry "BOT"]

1. e4 c5 2. Nf3 e6 3. d4 cxd4 4. Nxd4 Nf6 5. Nc3 d6 6. Be3 a6 7. Be2 Qc7 8. f3
Be7 9. Qd2 Nc6 10. O-O-O Ne5 11. Bf2 Nc4 12. Qd3 Ne5 13. Qd2 b5 14. g4 h6 15.
h4 Nh7 16. Rdg1 Bd7 17. Kb1 Nc4 18. Bxc4 Qxc4 19. Qd3 Qxd3 20. cxd3 O-O 21. f4
b4 22. Nd1 Rfc8 23. f5 e5 24. Nf3 Bb5 25. Ne1 Rc7 26. Ne3 Rac8 27. b3 Bd8 28.
Nd5 Rc1+ 29. Kb2 Bxd3 30. Nxb4 Bxe4 31. Ng2 Rxg1 32. Rxg1 a5 33. Ne3 axb4 34.
Be1 Bb6 35. Rg3 Bd4+ 0-1

[Event "2021 FIDE Online Olympiad"]
[Site "Chess.com"]
[Date "2021.08.27"]
[Round "2.6"]
[White "Marape, Naledi"]
[Black "Recica, Jona"]
[Result "1-0"]
[WhiteElo "1629"]
[BlackElo "1000"]
[PlyCount "135"]
[EventDate "2021.08.27"]
[EventType "team"]
[EventRounds "9"]
[SourceVersionDate "2018.05.14"]
[WhiteTeam "Botswana"]
[BlackTeam "Kosovo"]
[WhiteTeamCountry "BOT"]
[BlackTeamCountry "KOS"]

1. e4 e5 2. Nf3 Nc6 3. d4 exd4 4. Nxd4 Bc5 5. Nb3 Bb6 6. Nc3 Nf6 7. Bg5 h6 8.
Bh4 O-O 9. Qd2 d6 10. O-O-O a5 11. Kb1 a4 12. Nc1 Nxe4 13. Nxe4 Qxh4 14. f3 a3
15. b3 f5 16. Ng3 Qf6 17. c3 Ba5 18. Bc4+ Kh8 19. Nge2 Ne5 20. Bd3 Nc6 21. Bc2
f4 22. Qd3 Bf5 23. Qxf5 Qxf5 24. Bxf5 Rxf5 25. Nd4 Nxd4 26. cxd4 Rd5 27. Ne2
Bb6 28. Nxf4 Rxd4 29. Rxd4 Bxd4 30. Ne6 Bb6 31. Rc1 c5 32. Rd1 Re8 33. Rxd6 Ba5
34. f4 Kg8 35. f5 Kf7 36. Kc2 Be1 37. Kd1 Bh4 38. Kd2 Be7 39. Rd7 Kf6 40. g4
Ke5 41. Nxg7 Bg5+ 42. Kd3 Rg8 43. Ne6 Re8 44. Rxb7 Bf4 45. h3 Rc8 46. Ra7 Bc1
47. Ra5 Bb2 48. Rxc5+ Rxc5 49. Nxc5 Kf6 50. Ne4+ Kf7 51. b4 Kf8 52. b5 Be5 53.
h4 Kf7 54. g5 hxg5 55. hxg5 Kf8 56. Kc4 Kf7 57. Kb3 Bb2 58. b6 Kf8 59. b7 Be5
60. Kxa3 Bf4 61. Kb4 Bb8 62. a4 Ke7 63. a5 Bc7 64. a6 Bb8 65. Kb5 Kf7 66. Kb6
Ke7 67. a7 Bxa7+ 68. Kxa7 1-0

[Event "2021 FIDE Online Olympiad"]
[Site "Chess.com"]
[Date "2021.08.27"]
[Round "2.1"]
[White "Blackburn, Jonathan L B"]
[Black "Jere, Daniel"]
[Result "1/2-1/2"]
[WhiteElo "2195"]
[BlackElo "2397"]
[PlyCount "27"]
[EventDate "2021.08.27"]
[EventType "team"]
[EventRounds "9"]
[SourceVersionDate "2018.05.14"]
[WhiteTeam "Wales"]
[BlackTeam "Zambia"]
[WhiteTeamCountry "WLS"]
[BlackTeamCountry "ZAM"]

1. d4 Nf6 2. c4 g6 3. Nc3 Bg7 4. e4 d6 5. Nf3 O-O 6. Be2 c5 7. d5 e6 8. O-O
exd5 9. exd5 Re8 10. h3 Bf5 11. Nh4 Bc8 12. Nf3 Bf5 13. Nh4 Bc8 14. Nf3 1/2-1/2

[Event "2021 FIDE Online Olympiad"]
[Site "Chess.com"]
[Date "2021.08.27"]
[Round "2.2"]
[White "Munenga, Douglas D"]
[Black "Pleasants, Allan J"]
[Result "1-0"]
[WhiteElo "2009"]
[BlackElo "2092"]
[PlyCount "53"]
[EventDate "2021.08.27"]
[EventType "team"]
[EventRounds "9"]
[SourceVersionDate "2018.05.14"]
[WhiteTeam "Zambia"]
[BlackTeam "Wales"]
[WhiteTeamCountry "ZAM"]
[BlackTeamCountry "WLS"]

1. e4 g6 2. d4 Bg7 3. Nc3 d6 4. Be3 Nc6 5. Qd2 e5 6. Nge2 Nf6 7. f3 exd4 8.
Nxd4 Nxd4 9. Bxd4 O-O 10. O-O-O Be6 11. g4 a6 12. g5 Nd7 13. Bxg7 Kxg7 14. f4
f6 15. h4 Qe7 16. Be2 Rae8 17. Rdg1 Nc5 18. f5 Bf7 19. h5 Nxe4 20. Nxe4 Qxe4
21. gxf6+ Kxf6 22. Qg5+ Kg7 23. hxg6 hxg6 24. f6+ Kg8 25. Rh8+ Kxh8 26. Qh6+
Kg8 27. Qg7# 1-0

[Event "2021 FIDE Online Olympiad"]
[Site "Chess.com"]
[Date "2021.08.27"]
[Round "2.3"]
[White "Chong, Kimberly"]
[Black "Mwango, Lorita"]
[Result "1-0"]
[WhiteElo "1790"]
[BlackElo "1874"]
[PlyCount "81"]
[EventDate "2021.08.27"]
[EventType "team"]
[EventRounds "9"]
[SourceVersionDate "2018.05.14"]
[WhiteTeam "Wales"]
[BlackTeam "Zambia"]
[WhiteTeamCountry "WLS"]
[BlackTeamCountry "ZAM"]

1. e4 c6 2. d4 d5 3. exd5 cxd5 4. c4 e6 5. Nc3 Nf6 6. Nf3 Be7 7. cxd5 exd5 8.
Bb5+ Nc6 9. O-O O-O 10. Bxc6 bxc6 11. Ne5 Qb6 12. Qa4 Bb7 13. Re1 Rfe8 14. Rb1
h6 15. Be3 Rac8 16. Qd1 Qa5 17. a3 Qc7 18. b4 a6 19. Qf3 Ba8 20. Qg3 Kf8 21.
Qf3 Kg8 22. Qg3 Kf8 23. Qf3 Bd8 24. Bf4 Qa7 25. Rbd1 Nd7 26. Ng6+ fxg6 27. Bd6+
Kg8 28. Rxe8+ Kh7 29. Qf7 h5 30. Be5 Nf6 31. Qxa7 Nxe8 32. Qd7 Rc7 33. Bxc7
Bxc7 34. Qxe8 c5 35. dxc5 d4 36. Qxa8 dxc3 37. Qe4 a5 38. Rc1 axb4 39. axb4 Bd8
40. Rxc3 Bf6 41. Rg3 1-0

[Event "2021 FIDE Online Olympiad"]
[Site "Chess.com"]
[Date "2021.08.27"]
[Round "2.4"]
[White "Mbatha, Constance"]
[Black "Wilson, Julie"]
[Result "0-1"]
[WhiteElo "1705"]
[BlackElo "1826"]
[PlyCount "96"]
[EventDate "2021.08.27"]
[EventType "team"]
[EventRounds "9"]
[SourceVersionDate "2018.05.14"]
[WhiteTeam "Zambia"]
[BlackTeam "Wales"]
[WhiteTeamCountry "ZAM"]
[BlackTeamCountry "WLS"]

1. e4 e6 2. d4 d5 3. exd5 exd5 4. Nf3 Bd6 5. Be3 Ne7 6. Be2 Bf5 7. O-O Nd7 8.
c3 O-O 9. Nbd2 c6 10. a4 Nf6 11. Rc1 Ng6 12. Re1 Qc7 13. Bf1 Ng4 14. g3 Rfe8
15. Bg2 Re7 16. Re2 Rae8 17. Nf1 Be4 18. Qd2 f5 19. Rd1 f4 20. gxf4 Bxf4 21.
Bxf4 Nxf4 22. Ree1 Nxg2 23. Kxg2 Rf8 24. Qg5 Bxf3+ 25. Kg1 Rxe1 26. Rxe1 Qf7
27. h3 Nh6 28. Ng3 Be4 29. Qe3 Qg6 30. Kh2 Rf3 31. Qe2 Qf6 32. Nxe4 dxe4 33.
Qxe4 Rxf2+ 34. Kg1 Rf5 35. Qe8+ Qf8 36. Qe6+ Rf7 37. Re5 g6 38. Re4 Nf5 39. c4
Kg7 40. Qe5+ Rf6 41. d5 Qc5+ 42. Kh2 Qf2+ 43. Kh1 Ng3+ 44. Qxg3 Qxg3 45. Re7+
Kh6 46. Re1 Qxe1+ 47. Kg2 Qf2+ 48. Kh1 Rf3 0-1

[Event "2021 FIDE Online Olympiad"]
[Site "Chess.com"]
[Date "2021.08.27"]
[Round "2.5"]
[White "MacDonald, Duncan"]
[Black "Mwape, Mwewa"]
[Result "1-0"]
[WhiteElo "1415"]
[BlackElo "1798"]
[PlyCount "103"]
[EventDate "2021.08.27"]
[EventType "team"]
[EventRounds "9"]
[SourceVersionDate "2018.05.14"]
[WhiteTeam "Wales"]
[BlackTeam "Zambia"]
[WhiteTeamCountry "WLS"]
[BlackTeamCountry "ZAM"]

1. c4 e5 2. Nc3 Nf6 3. Nf3 Nc6 4. g3 Bc5 5. Bg2 d6 6. O-O O-O 7. a3 a5 8. d3
Bg4 9. Bg5 h6 10. Bxf6 Qxf6 11. Nd5 Qd8 12. Rb1 Ne7 13. Nc3 c6 14. b4 axb4 15.
axb4 Bb6 16. b5 f5 17. Qb3 Bc5 18. Rfd1 Ra3 19. Qc2 Qa5 20. Rb3 f4 21. Ne4 fxg3
22. hxg3 Nf5 23. Nxc5 dxc5 24. Rxa3 Qxa3 25. bxc6 bxc6 26. Qc1 Qxc1 27. Rxc1
Bxf3 28. Bxf3 Nd4 29. Kg2 Nxf3 30. exf3 Rd8 31. Re1 Rxd3 32. Rxe5 Kf7 33. Rxc5
Rd6 34. f4 Ke6 35. Kf3 Rd3+ 36. Ke4 Rd6 37. f5+ Kf6 38. g4 Kg5 39. f3 Kf6 40.
f4 Ke7 41. Ke5 Kd7 42. Ra5 Rd1 43. Ra7+ Kd8 44. Rxg7 Rh1 45. Kd6 Rd1+ 46. Kxc6
Rf1 47. Kd6 Ke8 48. c5 Rxf4 49. c6 Kf8 50. Rg6 h5 51. c7 Rc4 52. gxh5 1-0

[Event "2021 FIDE Online Olympiad"]
[Site "Chess.com"]
[Date "2021.08.27"]
[Round "2.6"]
[White "Simwaka, Walusungu Nozyani"]
[Black "Ray, Hiya"]
[Result "0-1"]
[WhiteElo "1329"]
[BlackElo "1542"]
[PlyCount "70"]
[EventDate "2021.08.27"]
[EventType "team"]
[EventRounds "9"]
[SourceVersionDate "2018.05.14"]
[WhiteTeam "Zambia"]
[BlackTeam "Wales"]
[WhiteTeamCountry "ZAM"]
[BlackTeamCountry "WLS"]

1. Nc3 d5 2. e3 Nf6 3. a3 g6 4. Nf3 Bg7 5. d4 O-O 6. Bd3 c5 7. O-O Nc6 8. Bd2
c4 9. Be2 a6 10. Ne5 Nxe5 11. dxe5 Nd7 12. Nxd5 Nxe5 13. Bb4 Nc6 14. Bc3 b5 15.
Bxg7 Kxg7 16. f4 e6 17. Nc3 Qb6 18. Qc1 Bb7 19. a4 Ne7 20. Bf3 Bxf3 21. Rxf3 b4
22. Ne4 Nd5 23. a5 Qc6 24. Qd1 Rfd8 25. Qd4+ Kg8 26. c3 Nxc3 27. Nf6+ Kh8 28.
Nxh7+ Rxd4 29. exd4 Ne2+ 30. Kf2 Kxh7 31. Kxe2 Qe4+ 32. Re3 Qxg2+ 33. Kd1 Rd8
34. Re2 Rxd4+ 35. Kc1 Qxe2 0-1

[Event "2021 FIDE Online Olympiad"]
[Site "Chess.com"]
[Date "2021.08.27"]
[Round "2.3"]
[White "Assa, Oluwaseun"]
[Black "von Erichsen, Annegret"]
[Result "0-1"]
[WhiteElo "1889"]
[BlackElo "1998"]
[PlyCount "120"]
[EventDate "2021.08.27"]
[EventType "team"]
[EventRounds "9"]
[SourceVersionDate "2018.05.14"]
[WhiteTeam "Nigeria"]
[BlackTeam "ICCD"]
[WhiteTeamCountry "NGR"]

1. e4 c5 2. Nf3 d6 3. Be2 Nf6 4. d3 g6 5. Nc3 Nc6 6. h3 Bg7 7. a3 O-O 8. O-O e6
9. Bg5 a6 10. Qc1 Qc7 11. Bh6 Nd4 12. Bxg7 Kxg7 13. Nh2 b5 14. Ng4 Nxg4 15.
Bxg4 h5 16. Bd1 Kh7 17. Ne2 Nxe2+ 18. Bxe2 Qe7 19. Qe3 Bb7 20. Bf3 Rae8 21.
Rfe1 e5 22. c3 Qf6 23. Rad1 Re7 24. d4 exd4 25. cxd4 c4 26. e5 dxe5 27. Bxb7
Rxb7 28. Qxe5 Qxe5 29. Rxe5 Rd8 30. Kf1 Rbd7 31. d5 Kg7 32. Ke2 f6 33. Re6 Rxd5
34. Rxd5 Rxd5 35. Rxa6 Rd3 36. Ra7+ Kh6 37. Rb7 Rb3 38. a4 Rxb2+ 39. Ke3 Rb3+
40. Ke2 bxa4 41. Ra7 a3 42. Ra6 Kg5 43. g3 f5 44. Ra5 Rb2+ 45. Kf3 a2 46. h4+
Kh6 47. Ke3 c3 48. f3 c2 49. Kd2 Rb1 50. Kxc2 a1=Q 51. Rxa1 Rxa1 52. Kd3 Ra3+
53. Ke2 Kg7 54. Kf2 Kf6 55. Ke2 Ke5 56. f4+ Ke4 57. Kf2 Ra2+ 58. Kf1 Ke3 59.
Kg1 Kf3 60. Kh1 Kxg3 0-1